000 00693nam a2200265Ia 4500
003 OSt
005 20220912150533.0
006 a|||||r|||| 00| 0
007 ta
008 220909b |||||||| |||| 00| 0 eng d
024 _a53167
037 _cTextual
040 _aCSL
_beng
_cCSL
041 _aeng
082 _aJ:423, J0;2
100 _aBawden F C
245 0 _aPlant viruses and virus diseases
260 _aWaltham
_bChronica botanica
_c1950
300 _axiv,335p.
_ccm.
490 _aNew series of plant science books; 23
650 _a Plant virus
650 _aAgriculture
942 _hJ:423, J0;2
_cTEXL
_2CC
999 _c49550
_d49550